000 00954nam a2200265Ia 4500
003 OSt
005 20221005105121.0
006 a|||||r|||| 00| 0
007 ta
008 221004b |||||||| |||| 00| 0 hin d
024 _a33107
037 _cTextual
040 _aCRL
_cCRL
_bhin
041 _2hin
_ahin
082 _aZ2(X), 152Q5
100 _aशर्मा, जे. पी.
245 0 _aव्यावसायिक सन्नियम
246 _aVyāvasāyik sanniyama
260 _aदिल्ली
_bहिन्दी माध्यम कार्यान्वय निदेशालय भारत
_c2015
300 _a631पृ.
_ccm.
650 _aकानून शास्त्र
700 _a कनौजिया, सुनैना
942 _hZ2(X), 152Q5
_cTEXL
_2cc
999 _c1014809
_d1014809